Fundamentals of auditing (Record no. 30274)

MARC details
000 -LEADER
fixed length control field 00446nam a2200193Ia 4500
020 ## - INTERNATIONAL STANDARD BOOK NUMBER
ISBN 9783372181
050 ## - CALL MARK
Classification number HF 5667 .M33/
100 ## - STATEMENT OF RESPONSIBILITY--MAIN AUTHOR NAME
Personal name Olowookere, Kola
245 #0 - TITLE STATEMENT
Title Fundamentals of auditing
250 ## - EDITION / VOLUME STATEMENT
Edition / Volume statement 3th ed.
260 ## - PUBLICATION, DISTRIBUTION, ETC. (IMPRINT)
Place of publication Ibadan
260 ## - PUBLICATION, DISTRIBUTION, ETC. (IMPRINT)
Name of publisher Silicon Publishing Company
260 ## - PUBLICATION, DISTRIBUTION, ETC. (IMPRINT)
Year of publication 2007
300 ## - PHYSICAL DESCRIPTION
Number of Pages 425 p
650 ## - SUBJECT ADDED ENTRY--TOPICAL TERM
Topical Term Auditing.
942 ## - ADDED ENTRY ELEMENTS (KOHA)
Koha item type Books
Holdings
Withdrawn status Lost status Source of classification or shelving scheme Damaged status Not for loan Permanent Location Current Location Shelving location Date acquired Accession Number Price effective from Koha item type
    Library of Congress Classification     NILE UNIVERSITY OF NIGERIA - MAIN LIBRARY NILE UNIVERSITY OF NIGERIA - MAIN LIBRARY Items on shelf 04/23/2025 0185263 04/23/2025 Books